Soil and Water Conservation Engineering / (Record no. 12280)
[ view plain ]
| 000 -LEADER | |
|---|---|
| fixed length control field | 00347cam a2200133ua 4500 |
| 020 ## - INTERNATIONAL STANDARD BOOK NUMBER | |
| ISBN | 9788180141867 |
| 082 ## - DEWEY DECIMAL CLASSIFICATION NUMBER | |
| Classification number | 631.45 |
| Item number | SUR/SO |
| 100 ## - MAIN ENTRY--AUTHOR NAME | |
| Personal name | Suresh, R . |
| 245 ## - TITLE STATEMENT | |
| Title | Soil and Water Conservation Engineering / |
| 250 ## - EDITION STATEMENT | |
| Edition statement | 4 / 5 |
| 260 ## - PUBLICATION, DISTRIBUTION, ETC. (IMPRINT) | |
| Place of publication | New Delhi : |
| Name of publisher | Standard Publishers Distributors , |
| Year of publication | 2004. |
| 300 ## - PHYSICAL DESCRIPTION | |
| Number of Pages | 951/1089 |
| 942 ## - ADDED ENTRY ELEMENTS (KOHA) | |
| Koha item type | Books |
| Withdrawn status | Lost status | Damaged status | Home library | Current library | Date acquired | Full call number | Accession Number | Koha item type | Collection code | Shelving location | Cost, normal purchase price | Source of acquisition |
|---|---|---|---|---|---|---|---|---|---|---|---|---|
| KAUAET | KAUAET | 07/04/2012 | 631.45 SUR/SO | 20996 | Books | |||||||
| KAUAET | KAUAET | 07/04/2012 | 631.45 SUR/SO | 20995 | Books | |||||||
| KAUAET | KAUAET | 07/04/2012 | 631.45 SUR/SO | 20994 | Books | |||||||
| KAUAET | KAUAET | 07/04/2012 | 631.45 SUR/SO | 20993 | Books | |||||||
| KAUAET | KAUAET | 30/03/2012 | 631.45 SUR/SO | 23253 | Books | Non-fiction | General Stacks | |||||
| KAUAET | KAUAET | 30/03/2012 | 631.45 SUR/SO | 23254 | Books | Non-fiction | General Stacks | |||||
| KAUAET | KAUAET | 30/03/2012 | 631.45 SUR/SO | 23255 | Books | Non-fiction | General Stacks | |||||
| KAUAET | KAUAET | 30/03/2012 | 631.45 SUR/SO | 23256 | Books | Non-fiction | General Stacks | |||||
| KAUAET | KAUAET | 30/03/2012 | 631.45 SUR/SO | 23257 | Books | Non-fiction | General Stacks | |||||
| Damaged | KAUAET | KAUAET | 14/02/2013 | 631.45 SUR/SO | BB 63 | Book Bank scheme for SC students | Scheme | 200.00 | ||||
| KAUAET | KAUAET | 03/06/2016 | 631.45 SUR/SO | 25044 | Books | General Stacks | 450.00 | Neoti , New Delhi | ||||
| KAUAET | KAUAET | 03/06/2016 | 631.45 SUR/SO | 25045 | Books | General Stacks | 450.00 | Neoti , New Delhi | ||||
| KAUAET | KAUAET | 03/06/2016 | 631.45 SUR/SO | 25046 | Books | General Stacks | 450.00 | Neoti , New Delhi | ||||
| KAUAET | KAUAET | 03/06/2016 | 631.45 SUR/SO | 25047 | Books | General Stacks | 450.00 | Neoti , New Delhi | ||||
| KAUAET | KAUAET | 03/06/2016 | 631.45 SUR/SO | 25048 | Books | General Stacks | 450.00 | Neoti , New Delhi | ||||
| KAUAET | KAUAET | 03/06/2016 | 631.45 SUR/SO | 25049 | Books | General Stacks | 450.00 | Neoti , New Delhi | ||||
| KAUAET | KAUAET | 03/06/2016 | 631.45 SUR/SO | 25050 | Books | General Stacks | 450.00 | Neoti , New Delhi | ||||
| KAUAET | KAUAET | 03/06/2016 | 631.45 SUR/SO | 25051 | Books | General Stacks | 450.00 | Neoti , New Delhi | ||||
| KAUAET | KAUAET | 03/06/2016 | 631.45 SUR/SO | 25052 | Books | General Stacks | 450.00 | Neoti , New Delhi | ||||
| KAUAET | KAUAET | 03/06/2016 | 631.45 SUR/SO | 25053 | Books | General Stacks | 450.00 | Neoti , New Delhi | ||||
| KAUAET | KAUAET | 28/03/2017 | 631.45 SUR/SO | BB 460 | Book Bank scheme for SC students | Scheme | 500.00 | |||||
| KAUAET | KAUAET | 30/03/2017 | 631.45 SUR/SO | 25350 | Books | General Stacks | 500.00 | Vigyan Books, Delhi | ||||
| KAUAET | KAUAET | 30/03/2017 | 631.45 SUR/SO | 25351 | Books | General Stacks | 500.00 | Vigyan Books, Delhi | ||||
| KAUAET | KAUAET | 30/03/2017 | 631.45 SUR/SO | 25352 | Books | General Stacks | 500.00 | Vigyan Books, Delhi | ||||
| KAUAET | KAUAET | 30/03/2017 | 631.45 SUR/SO | 25353 | Books | General Stacks | 500.00 | Vigyan Books, Delhi | ||||
| KAUAET | KAUAET | 30/03/2017 | 631.45 SUR/SO | 25354 | Books | General Stacks | 500.00 | Vigyan Books, Delhi |
